Statistics for French Foods

Click here to take the quiz!

General Stats

  • This quiz has been taken 83 times
  • The average score is 40 of 117

Answer Stats

EnglishFrench% Correct
AppleLa Pomme
97%
PeasLes Petit-Pois
79%
StrawberryLa Fraise
77%
CoffeeLe Café
72%
ChocolateLe Chocolat
69%
MilkLe Lait
69%
TeaLe Thé
69%
BananaLe Banane
64%
LemonLa Citron
62%
PizzaLa Pizza
62%
TomatoLa Tomate
62%
WaterL'eau
62%
BreadLe Pain
62%
ChickenLe Poulet
62%
Chicken WingsLes Ailes de Poulet
62%
EggsLes Oeuf
62%
CherryLa Cerise
59%
CroissantLe Croissant
59%
CakeLe Gateau
59%
VegetablesLes Legumes
59%
PotatoesLes Pomme de Terres
59%
OrangeL'orange
59%
HamLe Jambon
56%
WineLe Vin
56%
Pie/TartLa Tarte
54%
Ice-CreamLa Glace
51%
______ JuiceLe Jus ________
51%
HoneyLe Miel
51%
CarrotLa Carrotte
49%
Meatla Viande
49%
BeefLe Boeuf
49%
DuckLe Canard
49%
PorkLe Porc
49%
GrapesLe Raisin
49%
Squash (Butternut)La Courge
46%
PearLa Poire
46%
KiwiLe Kiwi
46%
FruitLes Fruits
46%
Fizzy Drinks (Coke, Fanta, Cidona)La Boisson Gazeuse
44%
RaspberryLa Framboise
44%
PastriesLa Pate
44%
BeerLe Biere
44%
MushroomsLe Champignon
44%
CourgetteLa Courgette
41%
PeachLa Peche
41%
PepperLe Poivre
41%
SalmonLe Saumon
38%
FishLes Poissons
38%
PancakeLa Crepe
36%
GrapefruitLe Pamplemousse
36%
SweetsLes Bonbons
36%
ChipsLes Frites
36%
NutsLes Noix
36%
LimeLe Citron Vert
33%
Hot DogLe Hot Dog
33%
PastasLes Pates
33%
CucumberConcombre
31%
MangoLa Mangue
31%
AvocadoLe Avocat
31%
CrispsLes Chips
31%
JamLa Confiture
28%
PineappleL'Ananas
28%
WatermelonLa Pasteque
28%
PlumLa Prune
28%
BagelLe Bagel
28%
MuttonLe Mouton
28%
MuffinLe Muffin
28%
DrinksLes Boissons
28%
SconeLe Scone
28%
CabbageLe Chou
26%
CiabattaLe Ciabatta
26%
RadishLe Radis
26%
BeansLes Haricot
26%
SardinesLes Sardines
26%
OnionL'oignon
26%
ApricotL'Apricot
23%
Hot ChocolateLe Chocolate Chaud
23%
Fast Food (Supermacs, McDonalds, Burger King, KFC)Le Fast-Food
23%
LettuceLe Laitue
23%
SpinachLes Épinards
23%
CauliflowerLe Chou-Fleur
21%
CrabLe Crabe
21%
VealLe Veau
21%
WaffleLa Gaufre
18%
BlueberryLa Myrtille
18%
TroutLa Truite
18%
Brussel SproutLe Chou de Bruxelles
18%
TurkeyLe Dindon
18%
RollLa Baguette
15%
PrawnsLa Crevette
15%
MilkshakeLe Milk-Shake
15%
RoastLe Roti
15%
SmoothieLe Smoothie
15%
LeekLe Poireau
13%
TunaLe Thun
13%
LambL'agneau
10%
PheasantLe Faisan
10%
LobsterLe Homard
10%
Rashers/BaconLe Lard
10%
BrocolliLes Brocolis
10%
BurgerLe Steak Haché
10%
GooseL'oie
10%
ChopLa Cotelette
8%
CoconutLa Noix de Cooc
8%
RocketLa Rocket
8%
BlackcurrantLe Cassis
8%
TurnipLe Navet
8%
ParsnipLe Panais
8%
MonkfishLa Lotte
5%
AsparagusL'asperge
5%
Minced MeatLa Viande Hachee
5%
SweetcornLe Mais Doux
5%
SausageLa Saucisse/Le Saucisson
3%
CodLe Cabillaud
3%
MackerelLe Macquereau
3%
PumpkinLe Potimarron
0%
ShellfishLes Crustacés
0%

Score Distribution

Percentile by Number Answered

Percent of People with Each Score

Your Score History

You have not taken this quiz